Score 0/20 Timer 08:00
0 Plays Today
Consequence Game Answer % Correct
They met at _____Hotel Rwanda
86.1%
His name was _____The Godfather
85%
His name was _____Napoleon Dynamite
83.2%
They went to _____Brokeback Mountain
82.1%
He wore _____Full Metal Jacket
80.9%
And the consequences were _____War of the Worlds
78.6%
They went to _____Casablanca
75.1%
She wore _____Hairspray
74.6%
and did some _____Trainspotting
74%
and did some _____Dances with wolves
71.7%
Consequence Game Answer % Correct
She said '_____'It's a wonderful life
71.1%
She wore _____27 Dresses
69.9%
He wore _____The Color Purple
68.2%
He said '_____'P.S. I Love You
39.9%
Her name was _____Princess Mononoke
35.8%
And the consequences were _____The Postman Always Rings Twice
19.1%
They met at _____My Beautiful Laundrette
16.2%
She said '_____'But I'm a Cheerleader
16.2%
He said '_____'Kiss me Kate
9.8%
Her name was _____Sweet Charity
9.2%
Remove Ads.
Support Sporcle.
Get the best of Sporcle when you Go Orange. This ad-free experience offers more features, more stats, and more fun while also helping to support Sporcle. Thank you for becoming a member.

You're not logged in!

Compare scores with friends on all Sporcle quizzes.
OR
Log In

Show Comments

Extras

Top Quizzes Today


Score Distribution

Your Account Isn't Verified!

In order to create a playlist on Sporcle, you need to verify the email address you used during registration. Go to your Sporcle Settings to finish the process.

Report this User

Report this user for behavior that violates our Community Guidelines.

Details: